Dios y la criatura. Cristo: Todas las criaturas... oí que decían: al que está sentado en el trono y al cordero, la bendición, el honor, la gloria y el imperio por los siglos de los siglos, AP.5,13. Suma Teológica

Gespeichert in:
Bibliographische Detailangaben
1. Verfasser: López, Margarito Virgilio (autor)
Format: Buch
Sprache:Spanisch
Veröffentlicht: Ciudad de México La Palma 1966
Ausgabe:2a. ed
Schlagworte:
Tags: Tag hinzufügen
Keine Tags, Fügen Sie den ersten Tag hinzu!

MARC

LEADER 00000nam a2200000 a 4500
001 UCL6644
003 CL-VaPUC
008 040416e19660000MX |||||||||||||||||spa|d
082 0 4 |a 232  |b LOP  |2 21 
100 |a López, Margarito Virgilio  |e autor  |9 484269 
245 1 0 |a Dios y la criatura. Cristo: Todas las criaturas... oí que decían: al que está sentado en el trono y al cordero, la bendición, el honor, la gloria y el imperio por los siglos de los siglos, AP.5,13. Suma Teológica 
250 |a 2a. ed 
300 |a 229 p 
942 |c BK 
945 |d 20040416 00:00:00  |a cmena 
260 |a Ciudad de México  |b La Palma  |c 1966 
600 0 7 |a SANTISIMA TRINIDAD  |2 CL-VaPUC  |9 347537 
650 0 |a Cristología   |9 315091 
650 0 |a Teología   |9 258766 
583 |a last modification  |c 20040416 00:00:00  |k Rodrigo Vera 
999 |c 308636  |d 308634 
952 |0 0  |1 2  |4 0  |6 232_000000000000000_LOP_1966  |7 0  |8 A  |9 375309  |a BIBTEO  |b BIBTEO  |d 2019-11-21  |i 2111152  |o 232 LOP 1966  |p 2111152  |r 2019-11-21  |w 2019-11-21  |x Descarte 2019  |y BK  |k ICR